000
00233nam a2200097Ia 4500
008
190216s9999||||xx |||||||||||||| ||und||
100
_a
Govt Of Kerala
245
0
_a
"The Kerala Accounts Code Vol 1,2,3"
260
_b
Null
942
_c
REF
999
_c
35277
_d
35277